La psicoterapia como herramienta para el autoconocimiento y la capacidad de agencia en la adultez emergente : estudio de caso /

Kaydedildi:
Detaylı Bibliyografya
Yazar: Esparza Aceves, Mariana (autor)
Materyal Türü: Tez Kitap
Dil:İspanyolca
Baskı/Yayın Bilgisi: Guadalajara, México : edición de autor, 2025
Konular:
Online Erişim:Ver documento en línea
Etiketler: Etiketle
Etiket eklenmemiş, İlk siz ekleyin!

MARC

LEADER 00000nam^a2200000^a^4500
001 000629393
005 20260318000000.0
009 20260407175347.463
037 |a Acervo ITESO - Biblioteca 
041 |a ESP 
090 |a MPS. 146 
100 |a Esparza Aceves, Mariana  |e (autor) 
245 1 3 |a La psicoterapia como herramienta para el autoconocimiento y la capacidad de agencia en la adultez emergente :  |b estudio de caso /  |c M. Esparza Aceves. 
264 1 |a Guadalajara, México :  |b edición de autor,  |c 2025 
300 |a 1 tesis electrónica en línea (114 p.) 
300 |a 1 recurso en línea 
336 |a datos para computadora  |b cod  |2 rdacontenido 
337 |a computadora  |b c  |2 rdamedio 
338 |a recurso en línea  |b cr  |2 rdasoporte 
502 |a ITESO Tesis de Maestría en Psicoterapia 
649 |a XX 
650 |a Adultos -  |x Condiciones Psicológicas -  |x Tema Principal 
650 |a Madurez -  |x Tema Principal 
650 |a Identidad Personal 
650 |a Autonomía Personal 
650 |a Psicología del Yo 
650 |a Psicoterapia 
650 |a Psicología Clínica 
650 |a Psicología Evolutiva 
650 |a Psicología 
856 4 0 |u https://rei.iteso.mx/handle/11117/12028  |y Ver documento en línea 
910 |a Fondo General 
920 |a Electrónicos - Tesis del ITESO en Línea 
930 |a Repositorio Institucional 
905 |a 201 
901 |a 629393-1  |b IT2  |c ETI  |u 20260318 
902 |a https://opac.biblio.iteso.mx/vufind/Record/000629393